LEADER 01745nam 2200517 450 001 9910398049303321 005 20200620101837.0 010 $a84-1324-613-X 035 $a(CKB)4100000010947755 035 $a(MiAaPQ)EBC6774614 035 $a(EXLCZ)994100000010947755 100 $a20200620d2019 uy 0 101 0 $aspa 135 $aurcnu|||||||| 181 $ctxt$2rdacontent/spa 182 $cc$2rdamedia/spa 183 $acr$2rdacarrier/spa 200 13$aEl fiduciario favorecido con la sustitucio?n fideicomisaria especial /$fRosa Mari?a Moreno Flo?rez 210 1$aMadrid :$cDykinson,$d2019. 215 $a1 recurso en li?nea (206 pa?ginas) 311 $a84-1324-573-7 320 $aContiene bibliografi?a. 606 $aPeople with disabilities$xLegal status, laws, etc$zSpain 606 $aInheritance and succession$zSpain 606 $aTrusts and trustees$zSpain 606 $aFideicommissum$zSpain 606 $aPersonas con discapacidad$xEstatus legal, leyes, etc 606 $aDerecho sucesorio$zEspan?a 606 $aFiducia 606 $aFideicomiso$zEspan?a 608 $aLibros electronicos. 615 0$aPeople with disabilities$xLegal status, laws, etc 615 0$aInheritance and succession 615 0$aTrusts and trustees 615 0$aFideicommissum 615 4$aPersonas con discapacidad$xEstatus legal, leyes, etc. 615 4$aDerecho sucesorio 615 4$aFiducia. 615 4$aFideicomiso 676 $a346.46013 700 $aMoreno Flo?rez$b Rosa Mari?a$0846306 801 0$bFINmELB 906 $aBOOK 912 $a9910398049303321 996 $aEl fiduciario favorecido con la sustitucio?n fideicomisaria especial$92222709 997 $aUNINA LEADER 03402nam 2200601 450 001 9910467628703321 005 20200520144314.0 010 $a3-11-047859-5 024 7 $a10.1515/9783110480412 035 $a(CKB)4100000001044523 035 $a(MiAaPQ)EBC5157473 035 $a(DE-B1597)466577 035 $a(OCoLC)1029815623 035 $a(OCoLC)962235146 035 $a(DE-B1597)9783110480412 035 $a(Au-PeEL)EBL5157473 035 $a(CaPaEBR)ebr11473962 035 $a(OCoLC)1013821831 035 $a(EXLCZ)994100000001044523 100 $a20171222h20182018 uy 0 101 0 $aeng 135 $aurcnu|||||||| 181 $2rdacontent 182 $2rdamedia 183 $2rdacarrier 200 10$aNanocellulose $efrom nature to high performance tailored materials /$fAlain Dufresne 205 $aSecond edition. 210 1$aBerlin, [Germany] ;$aBoston, [Massachusetts] :$cDe Gruyter,$d2018. 210 4$d©2018 215 $a1 online resource (650 pages) $cillustrations 311 $a3-11-047848-X 311 $a3-11-048041-7 320 $aIncludes bibliographical references at the end of each chapters and index. 327 $tFrontmatter -- $tPreface / $rDufresne, Alain -- $tContents -- $t1. Cellulose and potential reinforcement -- $t2. Preparation of microfibrillated cellulose -- $t3. Preparation of cellulose nanocrystals -- $t4. Bacterial cellulose -- $t5. Chemical modification of nanocellulose -- $t6. Rheological behavior of nanocellulose suspensions and self-assembly -- $t7. Processing of nanocellulose-based materials -- $t8. Thermal properties -- $t9. Mechanical properties of nanocellulose-based nanocomposites -- $t10. Swelling and barrier properties -- $t11. Other polysaccharide nanocrystals -- $t12. Conclusions, applications and likely future trends -- $tIndex 330 $aThis specialist monograph provides an overview of the recent research on the fundamental and applied properties of nanoparticles extracted from cellulose, the most abundant polymer on the planet and an ubiquitous essential renewable resource. Given the rapid advances in the field and the high level of interest within the scientific and industrial communities, this revised and updated second edition expands the broad overview of recent research and will be required reading for all those working with nanocellulose in the life sciences and bio-based applications, biological, chemical and agricultural engineering, organic chemistry and materials science. It combines a general introduction to cellulose and basic techniques with more advanced chapters on specific properties, applications and current scientific developments of nanocellulose. The book profits from the author's extensive knowledge of cellulose nanocomposite materials. 606 $aCellulose$xChemistry 606 $aCellulose nanocrystals 606 $aCellulose$xMechanical properties 606 $aNanostructured materials 608 $aElectronic books. 615 0$aCellulose$xChemistry. 615 0$aCellulose nanocrystals. 615 0$aCellulose$xMechanical properties. 615 0$aNanostructured materials. 676 $a620.115 700 $aDufresne$b Alain$f1962-$0962675 801 0$bMiAaPQ 801 1$bMiAaPQ 801 2$bMiAaPQ 906 $aBOOK 912 $a9910467628703321 996 $aNanocellulose$92471101 997 $aUNINA LEADER 00949nam0-22002771i-450 001 990005697910403321 005 20240213131438.0 035 $aFED01000569791 035 $a(Aleph)000569791FED01 100 $a19990530d1930----km-y0itay50------ba 101 0 $alat 102 $aIT 105 $ay-------001yy 200 1 $aTractatus Super Quatuor Evangelia di Gioacchino Da Fiore$ePrima edizione sui codici di Padova e di Dresda$fa cura di Ernesto Buonaiuti 210 $aRoma$cIstituto Storico Italiano$d1930 215 $aLXXI, 362 p.$d27 cm 225 1 $aFonti per la storia d'Italia$v67 700 1$aIoachim de Flore$f$0389070 702 1$aBuonaiuti,$bErnesto$f<1881-1946> 801 0$aIT$bUNINA$gRICA$2UNIMARC 901 $aBK 912 $a990005697910403321 952 $a945 ISIME 01 (067)$bBIBL. 25770$fFLFBC 959 $aFLFBC 996 $aTractatus Super Quatuor Evangelia di Gioacchino Da Fiore$9602970 997 $aUNINA LEADER 04106nam 22005895 450 001 9910547690403321 005 20220131112047.0 010 $a9783839461037 010 $a3839461030 024 7 $a10.1515/9783839461037 035 $a(CKB)5670000000201176 035 $a(DE-B1597)612854 035 $a(DE-B1597)9783839461037 035 $a(ScCtBLL)e3c6ad22-02fe-4d1d-a8c0-bff11ed21172 035 $a(Perlego)3104098 035 $a(EXLCZ)995670000000201176 100 $a20220131h20222022 fg 101 0 $ager 135 $aur||||||||||| 181 $ctxt$2rdacontent 182 $cc$2rdamedia 183 $acr$2rdacarrier 200 10$aSpectatoriale Geschlechterkonstruktionen $eGeschlechtsspezifische Wissens- und Welterzeugung in den französisch- und spanischsprachigen Moralischen Wochenschriften des 18. Jahrhunderts /$fYvonne Völkl 210 1$aBielefeld : $ctranscript Verlag, $d[2022] 210 4$d©2022 215 $a1 online resource (358 p.) 225 0 $aGender Studies 327 $tFrontmatter -- $tInhaltsverzeichnis -- $tVorwort -- $tAbkürzungsverzeichnis -- $tEinleitung -- $t1 Zum Forschungsgegenstand der Moralischen Wochenschriften -- $t1.1 FORSCHUNGSSTAND -- $t1.2 ENTSTEHUNGS- UND VERBREITUNGSKONTEXT -- $t1.3 DIE MORALISCHEN WOCHENSCHRIFTEN ALS EIGENSTÄNDIGE GATTUNG -- $t1.4 SPECTATORIALE GATTUNGSMERKMALE -- $t1.5 ZUSAMMENFASSUNG -- $t2 Theoretischer Rahmen -- $t2.1 EINLEITENDE ÜBERLEGUNGEN ZUR WISSENS- UND WELTERZEUGUNG -- $t2.2 NARRATIVE WISSENS- UND WELTERZEUGUNG -- $t2.3 MEDIALE WISSENS- UND WELTERZEUGUNG -- $t2.4 STEREOTYPE WISSENS- UND WELTERZEUGUNG -- $t2.5 ZUSAMMENFASSUNG -- $t3 Methodische Herangehensweisen -- $t3.1 KORPUSBESCHREIBUNG -- $t3.2 METHODEN UND VORGEHEN -- $t4 Geschlechtsspezifische Wissens- und Welterzeugung im 18. Jahrhundert -- $t4.1 VOM EIN-GESCHLECHT-MODELL -- $t4.2 ZUM ZWEI-GESCHLECHTER-MODELL -- $t4.3 ZUSAMMENFASSUNG -- $t5 Geschlechterkonstruktionen in den Moralischen Wochenschriften -- $t5.1 DIE ENGLISCHSPRACHIGEN PROTOTYPEN -- $t5.2 DIE FRANZÖSISCHSPRACHIGEN WOCHENSCHRIFTEN -- $t5.3 DIE SPANISCHSPRACHIGEN WOCHENSCHRIFTEN -- $t6 Schlusskapitel -- $t6.1 GESCHLECHTSSPEZIFISCHE WISSENSDISKURSE IN DEN WOCHENSCHRIFTEN -- $t6.2 SPECTATORIALE GESCHLECHTERKONSTRUKTIONEN -- $t6.3 DIACHRONE UND TRANSNATIONALE SPECTATORIALE GESCHLECHTERKONSTRUKTIONEN -- $t6.4 AUSBLICK -- $t7 Verzeichnisse -- $t7.1 PRIMÄRLITERATUR (MORALISCHE WOCHENSCHRIFTEN) -- $t7.2 SEKUNDÄRLITERATUR -- $t7.3 ABBILDUNGEN -- $t7.4 TABELLEN -- $t7.5 DIAGRAMME -- $t8 Anhang -- $t8.1 ANHANG 1 - AUFLISTUNG DER 58 WOCHENSCHRIFTEN IM REPOSITORIUM -- $t8.2 ANHANG 2 - QUANTITATIVE AUSWERTUNG -- $t9 Namensregister 330 $aDie auf den englischen Prototypen »The Spectator« (1711-1714) zurückgehenden Moralischen Wochenschriften sind ein beliebtes Zeitschriftenmedium des 18. Jahrhunderts, mit dem kulturelles Wissen ko-konstruiert, gespeichert und in ganz Europa verbreitet wurde. Yvonne Völkl erschließt das spectatoriale - d.h. das in den Periodika auftretende - Geschlechterwissen und erforscht Konstruktion, Verbreitung und Wandel der stereotypen Diskurse über Frauen und Männer in den französisch- und spanischsprachigen Wochenschriften. Wie sich zeigt, haben die geschlechtsspezifischen Diskurse der Aufklärung bis heute nichts an ihrer Aktualität und Wirkung verloren. 606 $aHISTORY / Social History$2bisacsh 610 $a18th Century. 610 $aBody. 610 $aCultural Construction. 610 $aCultural History. 610 $aDiscourse. 610 $aEnlightenment. 610 $aFrance. 610 $aGender History. 610 $aGender Studies. 610 $aGender. 610 $aLiterature. 610 $aMagazin. 610 $aRomance Studies. 610 $aSpain. 615 7$aHISTORY / Social History. 700 $aVölkl$b Yvonne, $4aut$4http://id.loc.gov/vocabulary/relators/aut$01208541 801 0$bDE-B1597 801 1$bDE-B1597 906 $aBOOK 912 $a9910547690403321 996 $aSpectatoriale Geschlechterkonstruktionen$92835446 997 $aUNINA